| 000 | 00806cam a2200277 4500 | ||
|---|---|---|---|
| 001 | J845 | ||
| 008 | 090401t1992 xxu||||| |||| 00| 0 eng d | ||
| 035 | _a(Sirsi) u57136 | ||
| 041 | _aeng | ||
| 050 | _a333.33 | ||
| 110 |
_aDebenham Tewson and Chinnocks _93135 |
||
| 245 | 4 | _aThe role of property: managing cost and releasing value: executive summary. | |
| 260 |
_aLondon _bDebenham Tewson and Chinnocks _c1992 |
||
| 300 | _aviiip. ; 30cm. | ||
| 350 | _a0 | ||
| 520 | _aFor later reissue of full report see under DTZ Debenham Thorpe. | ||
| 650 | _aASSETS | ||
| 650 | _aCOMPANIES | ||
| 650 | _aDTZ DEBENHAM THORPE | ||
| 650 | _aESTATE MANAGEMENT | ||
| 650 | _aPROPERTY ASSETS | ||
| 650 | _aROLE OF PROPERTY | ||
| 690 | _aPROPERTY-COMMERCIAL PROPERTY | ||
| 942 | _n0 | ||
| 948 | _c04/03/1997 | ||
| 999 |
_c93898 _d93898 |
||